000 00698nam a2200205Ii 4500
003 JO-AjNU
008 230605s9999||||xx |||||||||||||| ||und||
020 _a977-293-402-7
040 _aJO-AjNU
_bara
_erda
_cJO-AjNU
041 _aara
050 1 4 _aQI63.M83222 2002
100 3 _aالصعيدي، عبد الحيكم عبد اللطيف,
_eauthor
_920376
245 0 0 _aالمرشد العملي في التعرف على الحشرات
264 3 1 _aالقاهرة: مكتبة الدار العربية للكتاب، 2002
300 _a256ص
336 _atext
_btxt
_2rdacontent
337 _aunmediated
_bn
_2rdamedia
338 _avolume
_bnc
_2rdacarrier
650 4 _aالحشرات
_920377
999 _aA6896
_c10464
_d10464